QAID : (Record no. 202857)

MARC details
000 -LEADER
fixed length control field 00787nam a2200253 i 4500
003 - CONTROL NUMBER IDENTIFIER
control field OSt
005 - DATE AND TIME OF LATEST TRANSACTION
control field 20260126110225.0
008 - FIXED-LENGTH DATA ELEMENTS--GENERAL INFORMATION
fixed length control field 260126s2025 my er 000 f may
020 ## - INTERNATIONAL STANDARD BOOK NUMBER
International Standard Book Number 9786297782027
Terms of availability RM 40.00
Qualifying information paperback
040 ## - CATALOGING SOURCE
Original cataloging agency PPAK
Language of cataloging eng
Transcribing agency PPAK
Description conventions rda
082 04 - DEWEY DECIMAL CLASSIFICATION NUMBER
Edition number 23
Classification number 899.2333
090 00 - LOCALLY ASSIGNED LC-TYPE CALL NUMBER (OCLC); LOCAL CALL NUMBER (RLIN)
Classification number (OCLC) (R) ; Classification number, CALL (RLIN) (NR) 899.2333
Feature heading EFF
Feature heading G
100 0# - MAIN ENTRY--PERSONAL NAME
Personal name Effalee,
Relator term author.
245 10 - TITLE STATEMENT
Title QAID :
Remainder of title THE UNKNOWN /
Statement of responsibility, etc. EFFALEE ; Editor: Abd Halim bin Toha
264 #1 - PRODUCTION, PUBLICATION, DISTRIBUTION, MANUFACTURE, AND COPYRIGHT NOTICE
Place of production, publication, distribution, manufacture Seremban, Negeri Sembilan :
Name of producer, publisher, distributor, manufacturer Manes Wordworks,
Date of production, publication, distribution, manufacture, or copyright notice 2025
300 ## - PHYSICAL DESCRIPTION
Extent 470 pages ;
Dimensions 20 cm
336 ## - CONTENT TYPE
Content type term text
Source rdacontent
337 ## - MEDIA TYPE
Media type term unmediated
Source rdamedia
338 ## - CARRIER TYPE
Carrier type term volume
Source rdacarrier
650 10 - SUBJECT ADDED ENTRY--TOPICAL TERM
Topical term or geographic name entry element Malay fiction
Topical term or geographic name entry element Malaysian fiction (Malay).
700 0# - ADDED ENTRY--PERSONAL NAME
Personal name Abd Halim Toha,
Relator term editor.
942 ## - ADDED ENTRY ELEMENTS (KOHA)
Source of classification or shelving scheme Dewey Decimal Classification
Koha item type Book
Holdings
Withdrawn Not for loan Current library Shelving location Date acquired Total Checkouts Total Renewals Full call number Barcode Checked out Date last seen Date last checked out Koha item type
    Perpustakaan Alor Setar Pinjaman Dewasa 26/01/2026 3 2 899.2333 EFF A01899073 18/07/2026 27/06/2026 27/06/2026 Book
    Perpustakaan Awam Sungai Petani Pinjaman Dewasa 26/01/2026 2 2 899.2333 EFF A01899074 18/07/2026 06/06/2026 06/06/2026 Book
    Perpustakaan Jitra Pinjaman Dewasa 26/01/2026 2   899.2333 EFF A01899075   15/06/2026 19/05/2026 Book
    Perpustakaan Kuala Nerang Pinjaman Dewasa 26/01/2026 1   899.2333 EFF A01899083   07/06/2026 17/05/2026 Book
    Perpustakaan Kulim Pinjaman Dewasa 26/01/2026 2   899.2333 EFF A01899077 19/07/2026 28/06/2026 28/06/2026 Book
    Perpustakaan Langkawi Pinjaman Dewasa 26/01/2026 1   899.2333 EFF A01899076   24/06/2026 14/06/2026 Book
    Perpustakaan Merbok Pinjaman Dewasa 26/01/2026 4   899.2333 EFF A01899080 15/07/2026 24/06/2026 24/06/2026 Book
    Perpustakaan Pendang Pinjaman Dewasa 26/01/2026     899.2333 EFF A01899084   26/01/2026   Book
    Perpustakaan Yan Pinjaman Dewasa 26/01/2026 4   899.2333 EFF A01899081 15/07/2026 24/06/2026 24/06/2026 Book